| 000 | 00000nas 2200000zi 4500 |
| 001 | 9.883320 |
| 003 | CaOODSP |
| 005 | 20221107170532 |
| 006 | m o d f |
| 007 | cr ||||||||||| |
| 008 | 200106d19992000qucar p o f0 b0fre|d |
| 040 | |aCaOODSP|bfre|erda|cCaOODSP |
| 043 | |an-cn--- |
| 086 | 1 |aEn81-3/1F-PDF |
| 110 | 1 |aCanada. |bEnvironnement Canada. |
| 245 | 10|aLoi canadienne sur la protection de l'environnement : |cLCPE, rapport annuel pour la période … |
| 264 | 1|a[Gatineau, Québec] : |bEnvironnement Canada = Environment Canada, |c[1999-2001] |
| 310 | |aAnnuel |
| 336 | |atexte|btxt|2rdacontent/fre |
| 337 | |ainformatique|bc|2rdamedia/fre |
| 338 | |aressource en ligne|bcr|2rdacarrier/fre |
| 362 | 1 |aParaît depuis avril 1998 à mars 1999; ne paraît plus après avril 1999 à mars 2000. |
| 500 | |aPublié aussi en anglais sous le titre : Canadian Environmental Protection Act, annual report. |
| 515 | |aL'année d'activité se termine le 31 mars. |
| 520 | 3 |aPorte sur l’administration et l’application de la Loi au cours de l’exercice visé. |
| 588 | |aDescription d'après : avril 1998 à mars 1999. |
| 588 | |aDernière livraison consultée : avril 1999 à mars 2000. |
| 610 | 16|aCanada. |tLoi canadienne sur la protection de l'environnement, 1999|vPériodiques. |
| 650 | 6|aEnvironnement|xDroit|zCanada|vPériodiques. |
| 650 | 6|aEnvironnement|xProtection|zCanada|vPériodiques. |
| 775 | 08|tCanadian Environmental Protection Act : |w(CaOODSP)9.883312 |
| 785 | 00|tLoi canadienne sur la protection de l'environnement, 1999 : |w(CaOODSP)9.502184 |